Paris Saint-Germain Squad 2021-2022 - Statistics

General Stats
  • This quiz has been taken 77 times
  • The average score is 20 of 35
Answer Stats
# Position Nation Player % Correct
7 FW France Kylian Mbappé
100%
2 DF Morocco Achraf Hakimi
97%
10 FW Brazil Neymar Júnior
97%
1 GK Costa Rica Keylor Navas
95%
30 FW Argentina Lionel Messi
95%
6 MF Italy Marco Verratti
92%
5 DF Brazil Marquinhos
92%
3 DF France Presnel Kimpembe
92%
11 FW Argentina Ángel Di María
87%
4 DF Spain Sergio Ramos
85%
50 GK Italy Gianluigi Donnarumma
74%
8 MF Argentina Leandro Paredes
74%
25 DF Portugal Nuno Mendes
74%
18 MF Netherlands Georginio Wijnaldum
69%
27 MF Senegal Idrissa Gueye
69%
23 FW Germany Julian Draxler
69%
- Coach Argentina Mauricio Pochettino
67%
9 FW Argentina Mauro Icardi
67%
14 DF Spain Juan Bernat
64%
15 MF Portugal Danilo Pereira
59%
21 MF Spain Ander Herrera
54%
22 DF Senegal Abdou Diallo
51%
16 GK Spain Sergio Rico
51%
24 DF Germany Thilo Kehrer
51%
20 DF France Layvin Kurzawa
36%
12 MF Brazil Rafinha
36%
34 MF Netherlands Xavi Simons
33%
17 DF France Colin Dagba
26%
60 GK France Alexandre Letellier
18%
38 MF France Édouard Michut
8%
40 GK Italy Denis Franchi
5%
28 MF France Éric Junior Dina-Ebimbe
5%
41 MF Comoros Anfane Ahamada
3%
39 DF France Nathan Bitumazala
3%
32 DF France Teddy Alloh
0%
No matching quizzes found
Score Distribution
Percent of People with Each Score
Percentile by Number Answered
Your Score History
You have not taken this quiz